Islands in the Faroe Islands - Statistics

General Stats
  • This quiz has been taken 48 times
  • The average score is 13 of 18
Answers on the Map
Answers color-coded by a green-red scale on the quiz's map according to % correct below.
 
Answer Stats
Size (Km²) Island % Correct
176 Vágar
92%
286.3 Eysturoy
83%
10 Mykines
79%
125 Sandoy
79%
373 Streymoy
79%
96 Borðoy
75%
30.9 Kalsoy
75%
35.5 Kunoy
75%
163.7 Suðuroy
75%
2.8 Koltur
71%
0.82 Lítla Dímun
71%
10.3 Nólsoy
71%
11.2 Fugloy
67%
6.1 Hestur
67%
10 Skúvoy
67%
2.5 Stóra Dímun
67%
27.1 Svínoy
67%
41 Viðoy
67%
No matching quizzes found
Score Distribution
Percent of People with Each Score
Percentile by Number Answered
Your Score History
You have not taken this quiz